| 000 | 00702cab a2200181 4500 | ||
|---|---|---|---|
| 001 | L136438 | ||
| 008 | 070131n2006 000 0 eng u | ||
| 035 | _a(Sirsi) u136438 | ||
| 041 | 0 | _aeng | |
| 245 | 4 | _aThe A-Z of regeneration consultants 2005-2006 | |
| 260 | _c2006 | ||
| 490 | 4 |
_aRegeneration and Renewal _v25 November 2006 supplement (LOAN) |
|
| 520 | _aA directory of consultancy services and a listing of Britain's regeneration consultants. Provides a introductory guide to changes within the regeneration sector and a glossary of regeneration related services terms. | ||
| 590 | _aKA | ||
| 690 | _aPROPERTY-PROPERTY MANAGEMENT-REGENERATION | ||
| 700 | 1 |
_aRoss, Matt _eEditor |
|
| 942 | _n0 | ||
| 999 |
_c78290 _d78290 |
||